| 000 | 00605cam a2200241 4500 | ||
|---|---|---|---|
| 008 | 090401t1993 xxu||||| |||| 00| 0 eng d | ||
| 020 | _a0902782282 | ||
| 035 | _a(Sirsi) u11022 | ||
| 041 | _aeng | ||
| 050 | _a333.0062 | ||
| 100 | _aDenman, D.R. | ||
| 245 | 2 | _aA half and half affair: chronicles of a hybrid don. | |
| 260 |
_aLondon _bChurchill Press _c1993 |
||
| 300 | _a359p. ; 24cm. | ||
| 350 | _a16.5 | ||
| 650 | _aBIOGRAPHIES | ||
| 650 | _aCAMBRIDGE UNIVERSITY | ||
| 650 | _aABOUT RICS-RICS MEMBERS | ||
| 650 | _aLAND ECONOMY | ||
| 690 | _aLAND | ||
| 942 | _n0 | ||
| 948 | _c04/03/1997 | ||
| 999 |
_c86797 _d86797 |
||